Animals of the night

Bibliographic Details
Main Author: Bender, Lionel
Format: Book
Published: London : Gloucester Press , 1989
Series:First sight
Subjects:

MARC

LEADER 00000cam a2200000 7i4500
001 0000005444
002 000005884
005 20060128.0
020 |a 0863139752 
090 0 0 |a 590   |b BEN 
100 1 |a Bender, Lionel 
245 1 0 |a Animals of the night   |c Lionel Bender 
260 |a London :   |b Gloucester Press ,   |c 1989 
300 |a 32 p. :   |b ill. ;   |c 29 cm. 
490 0 |a First sight 
650 0 0 |a Birds of prey   |x Juvenile literature 
999 |a 016180   |b BUKU   |c JUNIOR BOOKS   |e PERPUSTAKAAN KOMUNITI PETALING JAYA